ঢ়
ক্ষ
ড়
ঢ়
য়
র-ফলা‌‌‌
 
 
য-ফলা
ি
 
 
রেফ
 
 
 
যুক্ত করুন/হসন্ত
Space
Enter

Introduction to economics / (Record no. 793)

000 -LEADER
fixed length control field 00800nam a2200265 a 4500
001 - CONTROL NUMBER
control field 3884
003 - CONTROL NUMBER IDENTIFIER
control field BD-DhUAP
005 - DATE AND TIME OF LATEST TRANSACTION
control field 20210118150516.0
008 - FIXED-LENGTH DATA ELEMENTS--GENERAL INFORMATION
fixed length control field 200128s1996 txua b 001 0 eng d
020 ## - INTERNATIONAL STANDARD BOOK NUMBER
International Standard Book Number 0030311292
020 ## - INTERNATIONAL STANDARD BOOK NUMBER
International Standard Book Number 0030311322
020 ## - INTERNATIONAL STANDARD BOOK NUMBER
International Standard Book Number 0030311330
035 ## - SYSTEM CONTROL NUMBER
System control number (OCoLC)33635172
040 ## - CATALOGING SOURCE
Original cataloging agency WClI
Transcribing agency WClI
Modifying agency BD-DhUAP
082 00 - DEWEY DECIMAL CLASSIFICATION NUMBER
Classification number 330 STO
Edition number 23
100 1# - MAIN ENTRY--PERSONAL NAME
Personal name Stockman, Alan C.
245 10 - TITLE STATEMENT
Title Introduction to economics /
Statement of responsibility, etc. Alan C. Stockman.
260 ## - PUBLICATION, DISTRIBUTION, ETC.
Place of publication, distribution, etc. Fort Worth :
Name of publisher, distributor, etc. Dryden Press,
Date of publication, distribution, etc. c1996.
300 ## - PHYSICAL DESCRIPTION
Extent variers pages :
Other physical details illustrations ;
Dimensions 26 cm.
504 ## - BIBLIOGRAPHY, ETC. NOTE
Bibliography, etc. note Includes bibliographical references and index.
650 #0 - SUBJECT ADDED ENTRY--TOPICAL TERM
Topical term or geographic name entry element Economics.
906 ## - LOCAL DATA ELEMENT F, LDF (RLIN)
a 7
b cbc
c copycat
d 2
e ncip
f 19
g y-gencatlg
942 ## - ADDED ENTRY ELEMENTS (KOHA)
Source of classification or shelving scheme
Koha item type Book
Holdings
Withdrawn status Lost status Source of classification or shelving scheme Damaged status Not for loan Permanent Location Current Location Shelving location Date acquired Full call number Barcode Date last seen Copy number Price effective from Koha item type
          UAP Central Library UAP Central Library General Stacks 2020-01-28 330 STO 3010003884 2020-01-28 1 2020-01-28 Book

All rights reserved © UAP Central Library,
University of Asia Pacific.